Economic policy reforms and Indian fertilizer industry / (Record no. 53983)

MARC details
000 -LEADER
fixed length control field 00857nam a22002297a 4500
005 - DATE AND TIME OF LATEST TRANSACTION
control field 20110719102143.0
008 - FIXED-LENGTH DATA ELEMENTS--GENERAL INFORMATION
fixed length control field 110719t xxu||||| |||| 00| 0 eng d
010 ## - LCCN (DPL NO)
LC control number ENG-103036
020 ## - INTERNATIONAL STANDARD BOOK NUMBER
International Standard Book Number 9788184246551
Terms of availability 900.00
035 ## - SYSTEM CONTROL NUMBER
System control number EN-86569
037 ## - SOURCE OF ACQUISITION
Source of stock number/acquisition DBAD/PUB
040 ## - CATALOGING SOURCE
Original cataloging agency Dpl
Language of cataloging Eng
082 ## - DEWEY DECIMAL CLASSIFICATION NUMBER
Classification number 338.456
100 ## - MAIN ENTRY--PERSONAL NAME
9 (RLIN) 29676
Personal name Sharma, Vijay Paul
245 ## - TITLE STATEMENT
Title Economic policy reforms and Indian fertilizer industry /
Statement of responsibility, etc by Vijay Paul Sharma [and] Hrima Thaker
260 ## - PUBLICATION, DISTRIBUTION, ETC. (IMPRINT)
Place of publication, distribution, etc New Delhi
Name of publisher, distributor, etc Allied Publishers
Date of publication, distribution, etc 2011
270 ## - ADDRESS
Address 1/13-14 Asaf Ali Road
City New Delhi
Postal code 110002
300 ## - PHYSICAL DESCRIPTION
Extent xxvi,326p. :
Dimensions 24cm (Hb)
Other physical details ill.
700 ## - ADDED ENTRY--PERSONAL NAME
9 (RLIN) 29668
Personal name Thaker, Hrima
942 ## - ADDED ENTRY ELEMENTS (KOHA)
Source of classification or shelving scheme Dewey Decimal Classification
Item type English Books
Call number suffix SHA
Classification part 338.456
Holdings
Withdrawn status Lost status Source of classification or shelving scheme Damaged status Not for loan Collection code Home library Current library Date acquired Source of acquisition Cost, normal purchase price Total Checkouts Full call number Barcode Date last seen Copy number Cost, replacement price Koha item type
    Dewey Decimal Classification   Not For Loan Non-fiction D.B.Act.Division D.B.Act.Division 19/07/2011 DBAD/PUB 900.00   338.456SHA EN-86569 19/07/2011 1 900.00 English Books

© Delhi Public Library
Hit Counter
free hit counter